000 00599nam a2200181Ia 4500
008 090123s9999 xx 000 0 und d
082 _b10724
100 _aभाजेकर आशा
245 _aचंद्र सुर्याला चोरतो
250 _a1
260 _bराजा प्रकाशन
_c1982
300 _a22
600 _aभाजेकर आशा
630 _aचंद्र सुर्याला चोरतो
700 _aभाजेकर आशा
730 _aचंद्र सुर्याला चोरतो
942 _cBOOK
999 _c48789
_d48789